[Event "KONIK MORSKI REWALA 2013-B"]
[Site "Rewal"]
[Date "2013.08.28"]
[Round "7.25"]
[White "Maliszewski, Jacek"]
[Black "Czepczynski, Boguslaw"]
[Result "1-0"]
[WhiteElo "1747"]
[BlackElo "1890"]
[PlyCount "93"]
[EventDate "2013.??.??"]

1. d4 g6 2. Nf3 Bg7 3. c3 d6 4. Nbd2 Nf6 5. e4 O-O 6. Bc4 c5 7. h3 a6 8. a4 Nc6
9. dxc5 dxc5 10. O-O e5 11. Qe2 Qc7 12. Nb3 b6 13. Bg5 Re8 14. Rad1 Be6 15. Rd2
h6 16. Bxf6 Bxf6 17. Bxe6 Rxe6 18. Rfd1 Kg7 19. Rd7 Qc8 20. Qc4 Qe8 21. a5 Nd4
22. Nbxd4 exd4 23. Rb7 bxa5 24. Qxc5 Rxe4 25. cxd4 Rd8 26. Qxa5 Bxd4 27. Nxd4
Rexd4 28. Rxd4 Rxd4 29. Qc3 Qe5 30. f4 Qf6 31. Ra7 Kh7 32. Rxf7+ Qxf7 33. Qxd4
h5 34. g4 hxg4 35. hxg4 Qe7 36. g5 Qe6 37. Kf2 Qc6 38. Ke3 Qe6+ 39. Qe4 Qh3+
40. Kd4 Qd7+ 41. Kc5 Qa7+ 42. Kd6 Qb8+ 43. Ke7 Qc7+ 44. Kf6 Qb6+ 45. Kf7 Qb3+
46. Qe6 Qxb2 47. Qxg6+ 1-0

[Event "KONIK MORSKI REWALA 2013-B"]
[Site "Rewal"]
[Date "2013.08.27"]
[Round "7.26"]
[White "Niedbal, Piotr"]
[Black "Kwasniewski, Pawel"]
[Result "1/2-1/2"]
[WhiteElo "1773"]
[BlackElo "1536"]
[PlyCount "45"]
[EventDate "2013.??.??"]

1. e4 c6 2. d4 d5 3. e5 Bf5 4. h4 h6 5. g4 Bd7 6. f4 e6 7. Nf3 c5 8. c3 Nc6 9.
Kf2 Qb6 10. Kg3 Be7 11. Rh2 a6 12. Be3 c4 13. b3 Na5 14. b4 Nc6 15. a4 Na7 16.
Rb2 h5 17. g5 g6 18. Bc1 Qd8 19. Nbd2 Rc8 20. Rba2 Bf8 21. Bh3 Ne7 22. Ba3 Bg7
23. Rb1 1/2-1/2

[Event "KONIK MORSKI REWALA 2013-B"]
[Site "Rewal"]
[Date "2013.08.27"]
[Round "7.27"]
[White "Maczka, Miroslawa"]
[Black "Jelen, Janusz"]
[Result "0-1"]
[WhiteElo "1563"]
[BlackElo "1931"]
[PlyCount "26"]
[EventDate "2013.??.??"]

1. c4 e6 2. Nc3 d5 3. d3 c5 4. Nf3 Nf6 5. g3 Bd6 6. Nb5 Be7 7. Bf4 Na6 8. Qa4
O-O 9. Bg2 Bd7 10. Ne5 Be8 11. cxd5 Nxd5 12. Bxd5 exd5 13. Qc2 Bxb5 0-1

[Event "KONIK MORSKI REWALA 2013-B"]
[Site "Rewal"]
[Date "2013.08.27"]
[Round "7.28"]
[White "Vakhitov, Dmitri"]
[Black "Puroila, Sippo"]
[Result "1-0"]
[WhiteElo "1664"]
[BlackElo "1880"]
[PlyCount "69"]
[EventDate "2013.??.??"]

1. d4 Nf6 2. c4 c5 3. d5 e5 4. Nc3 d6 5. e4 Be7 6. Be2 Nbd7 7. Nf3 Nf8 8. O-O
Ng6 9. Be3 Bd7 10. Nd2 h5 11. f4 exf4 12. Bxf4 Ng4 13. Bxg4 Bxg4 14. Qa4+ Bd7
15. Qb3 Nxf4 16. Rxf4 Bg5 17. Rf2 Be3 18. Raf1 Bxf2+ 19. Rxf2 Rb8 20. Nb5 Bxb5
21. Qxb5+ Kf8 22. e5 a6 23. Qb3 dxe5 24. Qe3 Rh6 25. Ne4 b6 26. Ng5 Rf6 27.
Nh7+ Ke8 28. Nxf6+ gxf6 29. Qh6 b5 30. Rxf6 bxc4 31. Rd6 Qh4 32. Qh8+ Ke7 33.
Qxe5+ Kf8 34. Rh6 Kg8 35. Rh8# 1-0

[Event "KONIK MORSKI REWALA 2013-B"]
[Site "Rewal"]
[Date "2013.08.27"]
[Round "7.30"]
[White "Jaskiewicz, Kamila"]
[Black "Miczek, Szczepan"]
[Result "1/2-1/2"]
[WhiteElo "1676"]
[BlackElo "1797"]
[PlyCount "54"]
[EventDate "2013.??.??"]

1. Nf3 d5 2. c4 Nf6 3. g3 e6 4. Bg2 Be7 5. O-O c5 6. d4 O-O 7. cxd5 Nxd5 8.
dxc5 Bxc5 9. Qc2 Be7 10. a3 b6 11. Rd1 Qe8 12. Nc3 Bb7 13. Nxd5 Bxd5 14. e4 Bc6
15. Nd4 e5 16. Nxc6 Qxc6 17. Qxc6 Nxc6 18. Be3 Rfd8 19. Rd5 f6 20. b4 Rd6 21.
Rxd6 Bxd6 22. Rc1 Rc8 23. Bh3 Rc7 24. Rd1 Be7 25. Rc1 Bd6 26. Rd1 Be7 27. Rc1
Bd6 1/2-1/2

[Event "KONIK MORSKI REWALA 2013-B"]
[Site "Rewal"]
[Date "2013.08.28"]
[Round "7.31"]
[White "Kasianczuk, Krzysztof"]
[Black "Gajzner, Ryszard"]
[Result "0-1"]
[WhiteElo "1560"]
[BlackElo "1755"]
[PlyCount "128"]
[EventDate "2013.??.??"]

1. e4 e6 2. d4 d5 3. Nc3 Nf6 4. Bg5 Bb4 5. e5 h6 6. Bd2 Bxc3 7. bxc3 Ne4 8. Bd3
Nxd2 9. Qxd2 c5 10. Nf3 c4 11. Be2 Nc6 12. O-O O-O 13. g3 b5 14. a4 Rb8 15. Nh4
Bd7 16. f4 bxa4 17. f5 exf5 18. Nxf5 Bxf5 19. Rxf5 Ne7 20. Rff1 Qd7 21. Ra2 Rb6
22. Rfa1 Ra6 23. Qf4 f6 24. Bg4 f5 25. Bh3 g5 26. Qf2 Kg7 27. Qe2 Ng6 28. Re1
Re8 29. Qf2 g4 30. Bg2 Rf8 31. Qe2 Qe6 32. Qd2 f4 33. gxf4 Nxf4 34. Rf1 Nxg2
35. Rxf8 Kxf8 36. Kxg2 Qf5 37. Qf2 Qxf2+ 38. Kxf2 Kg7 39. Kg3 h5 40. h3 gxh3
41. Kxh3 a3 42. Kh4 Kh6 43. e6 Rxe6 44. Rxa3 a6 45. Ra5 Rd6 46. Rc5 Kg6 47. Rc8
Kf5 48. Kxh5 Kf4 49. Re8 Rb6 50. Re5 Rb5 51. Kg6 Rb6+ 52. Kf7 a5 53. Rxd5 Ra6
54. Rb5 a4 55. d5 a3 56. Rb1 a2 57. Ra1 Ke5 58. d6 Kxd6 59. Kf6 Ra5 60. Rd1+
Kc6 61. Ra1 Kb5 62. Ke5 Ka4+ 63. Kd4 Ka3 64. Kxc4 Kb2 0-1

[Event "KONIK MORSKI REWALA 2013-B"]
[Site "Rewal"]
[Date "2013.08.27"]
[Round "7.32"]
[White "Krzysztofiak, Zdzislaw"]
[Black "Posuniak, Weronika"]
[Result "0-1"]
[WhiteElo "1685"]
[BlackElo "1584"]
[PlyCount "68"]
[EventDate "2013.??.??"]

1. e4 c6 2. d4 d5 3. Nc3 dxe4 4. Nxe4 Bf5 5. Ng3 Bg6 6. h4 h6 7. Nf3 Nd7 8. h5
Bh7 9. Bd3 Bxd3 10. Qxd3 Ngf6 11. Bd2 Qc7 12. Ne4 e6 13. O-O-O O-O-O 14. Nxf6
Nxf6 15. Qe2 c5 16. Rh4 Kb8 17. Qc4 Rd5 18. Ne5 Bd6 19. Bc3 cxd4 20. Qxc7+ Bxc7
21. Nxf7 Rf8 22. Nxh6 dxc3 23. Rxd5 cxb2+ 24. Kxb2 Nxd5 25. Ng4 Bb6 26. f3 Nf4
27. g3 Ne2 28. h6 gxh6 29. Rxh6 Rxf3 30. Rxe6 Bd4+ 31. c3 Rxc3 32. Rxe2 Re3+
33. Kc2 Rxe2+ 34. Kd3 Rxa2 0-1

[Event "KONIK MORSKI REWALA 2013-B"]
[Site "Rewal"]
[Date "2013.08.27"]
[Round "7.33"]
[White "Matzkowiak, Roman"]
[Black "Hagner, Pawel"]
[Result "0-1"]
[WhiteElo "1802"]
[BlackElo "1772"]
[PlyCount "82"]
[EventDate "2013.??.??"]

1. c4 Nf6 2. g3 g6 3. Bg2 Bg7 4. d4 d6 5. Nf3 O-O 6. Nc3 Nc6 7. d5 Na5 8. Qd3
c5 9. O-O a6 10. Re1 b5 11. cxb5 axb5 12. Nxb5 Ba6 13. a4 c4 14. Qd1 Bxb5 15.
axb5 Nb3 16. Rxa8 Qxa8 17. Nd4 Nxd4 18. Qxd4 Qa5 19. Qd1 Qxb5 20. e4 Nd7 21.
Re2 Ne5 22. Rc2 Nd3 23. Bf1 Rb8 24. Bxd3 cxd3 25. Rd2 Bh6 26. f4 Qc5+ 27. Rf2
Bg7 28. Kg2 Qc4 29. Qe1 Rc8 30. Rf1 Qc2+ 31. Kh3 Bxb2 32. Be3 Qc4 33. e5 dxe5
34. fxe5 Bxe5 35. Bh6 Qxd5 36. Qb4 Qe6+ 37. Kg2 Rc2+ 38. Rf2 Qd5+ 39. Kg1 Rxf2
40. Kxf2 Bd4+ 41. Ke1 Qe4+ 0-1

[Event "KONIK MORSKI REWALA 2013-B"]
[Site "Rewal"]
[Date "2013.08.28"]
[Round "7.34"]
[White "Kozaczynska, Aleksandra"]
[Black "Rudol, Matylda"]
[Result "0-1"]
[WhiteElo "1584"]
[BlackElo "1483"]
[PlyCount "78"]
[EventDate "2013.??.??"]

1. e4 d5 2. exd5 Qxd5 3. Nc3 Qa5 4. d4 Nf6 5. Nf3 Bf5 6. Bd3 Bxd3 7. Qxd3 c6 8.
O-O e6 9. Ne5 Bd6 10. f4 Qc7 11. Qg3 g6 12. Qg5 Nbd7 13. Be3 Be7 14. Qg3 Nh5
15. Qh3 Nxe5 16. fxe5 Ng7 17. g4 h5 18. Qf3 Bf8 19. h3 hxg4 20. hxg4 f5 21. Rf2
O-O-O 22. Ne2 Be7 23. Rg2 fxg4 24. Rxg4 Nf5 25. Nf4 Nh4 26. Qg3 Qd7 27. Nxg6
Nxg6 28. Rxg6 Rh4 29. Kf2 Rf8+ 30. Ke2 c5 31. Bg1 cxd4 32. Qd3 Qd5 33. Kd1 Rhf4
34. Kd2 Rf3 35. Qe2 Bb4+ 36. c3 dxc3+ 37. Kc2 cxb2 38. Rb1 Qc6+ 39. Kd1 Rf1+
0-1

[Event "KONIK MORSKI REWALA 2013-B"]
[Site "Rewal"]
[Date "2013.08.27"]
[Round "7.35"]
[White "Zhuk, Dmitriy"]
[Black "Kowacz, Agnieszka"]
[Result "1-0"]
[WhiteElo "1593"]
[BlackElo "1366"]
[PlyCount "93"]
[EventDate "2013.??.??"]

1. e4 e6 2. d4 d5 3. exd5 exd5 4. Bd3 Bd6 5. Nf3 Nf6 6. Be3 Be6 7. Nbd2 Nbd7 8.
c3 c6 9. Qc2 Qc7 10. h3 b6 11. c4 c5 12. Ng5 dxc4 13. Nxe6 fxe6 14. Nxc4 cxd4
15. Bxd4 e5 16. Be3 Bb4+ 17. Bd2 Bxd2+ 18. Nxd2 Qxc2 19. Bxc2 Nc5 20. Nc4 e4
21. O-O-O Rd8 22. b4 Nd3+ 23. Bxd3 exd3 24. Rhe1+ Kf7 25. Ne5+ Kf8 26. Rxd3
Rxd3 27. Nxd3 g6 28. Kb2 Kf7 29. Ne5+ Kf8 30. Nc6 Nd5 31. Kb3 Nf4 32. g3 Nxh3
33. Nxa7 Nxf2 34. Rf1 Kg7 35. Rxf2 Re8 36. Rf3 h5 37. a4 g5 38. Kc4 Ra8 39. Nc6
Rxa4 40. Kb5 g4 41. Rd3 Ra8 42. Kxb6 Rf8 43. Nd4 Kf6 44. Re3 Rd8 45. Kc5 Rc8+
46. Kd5 Rd8+ 47. Kc4 1-0

[Event "KONIK MORSKI REWALA 2013-B"]
[Site "Rewal"]
[Date "2013.08.28"]
[Round "8.1"]
[White "Zurkowski, Andrzej"]
[Black "Skomial, Mateusz"]
[Result "1-0"]
[WhiteElo "2003"]
[BlackElo "2014"]
[PlyCount "103"]
[EventDate "2013.??.??"]

1. d4 d5 2. c4 e6 3. Nc3 Nf6 4. cxd5 exd5 5. Nf3 Be7 6. Bg5 O-O 7. e3 c6 8. Bd3
h6 9. Bh4 Ne4 10. Bxe7 Qxe7 11. Qc2 Re8 12. O-O Bf5 13. Rfe1 Nd7 14. Nd2 Ndf6
15. f3 Nxc3 16. Bxf5 Nb5 17. a4 Nc7 18. Rac1 Qb4 19. Re2 Ne6 20. Qb3 Qxb3 21.
Nxb3 g6 22. Bd3 Re7 23. Na5 Rae8 24. Kf2 Rc7 25. b4 Rec8 26. Rec2 Ne8 27. g4
Nd6 28. f4 f5 29. h3 Kf7 30. Kf3 Kf6 31. Nb3 Ne4 32. Nc5 N6xc5 33. bxc5 Rh8 34.
a5 a6 35. Rb2 Rhh7 36. Rb6 Rhe7 37. Rc2 Ke6 38. Rcb2 Red7 39. R6b3 Rh7 40. Rg2
Rhg7 41. Rbb2 Kf6 42. Rg1 Rce7 43. Ke2 h5 44. Bxe4 dxe4 45. Kd2 Ref7 46. gxh5
gxh5 47. Rxg7 Kxg7 48. Kc3 Kf6 49. Kc4 Ke6 50. h4 Ke7 51. d5 Kd7 52. Kd4 1-0

[Event "KONIK MORSKI REWALA 2013-B"]
[Site "Rewal"]
[Date "2013.08.28"]
[Round "8.3"]
[White "Zarubitski, Viachaslau"]
[Black "Kosakowski, Jakub"]
[Result "0-1"]
[WhiteElo "1874"]
[BlackElo "1846"]
[PlyCount "90"]
[EventDate "2013.??.??"]

1. e4 c5 2. Nf3 d6 3. d4 cxd4 4. Nxd4 Nf6 5. Nc3 a6 6. Be3 e5 7. Nb3 Be6 8. Qd2
Be7 9. O-O-O Nbd7 10. f4 b5 11. f5 Bc4 12. g4 h6 13. Kb1 Nb6 14. Na5 Bxf1 15.
Rhxf1 Qc7 16. Bxb6 Qxb6 17. Nd5 Nxd5 18. exd5 Qc5 19. Nc6 Bg5 20. Qa5 O-O 21.
Qe1 a5 22. h4 Bf4 23. f6 g6 24. Ne7+ Kh7 25. Rf3 Qc7 26. h5 Qd7 27. g5 Qg4 28.
Qh1 Qxh5 29. Qxh5 gxh5 30. Rh1 Bxg5 31. Rxh5 Rg8 32. Nxg8 Rxg8 33. Rh1 Kg6 34.
Rg1 e4 35. Rf4 Re8 36. Rgg4 e3 37. Re4 Kf5 38. Rxe8 Kxg4 39. a4 b4 40. c4 bxc3
41. b4 Kf3 42. Kc2 e2 43. Rxe2 Kxe2 44. bxa5 Be3 45. Kxc3 h5 0-1

[Event "KONIK MORSKI REWALA 2013-B"]
[Site "Rewal"]
[Date "2013.08.28"]
[Round "8.4"]
[White "Jablonska, Sabina"]
[Black "Grabowski, Adam"]
[Result "0-1"]
[WhiteElo "1957"]
[BlackElo "2086"]
[PlyCount "92"]
[EventDate "2013.??.??"]

1. d4 d5 2. Nf3 Nf6 3. e3 Bf5 4. c4 e6 5. Nc3 c6 6. Be2 Nbd7 7. O-O Bd6 8. b3
Ne4 9. Bb2 Ndf6 10. Ne5 Nxc3 11. Bxc3 Ne4 12. Bb2 f6 13. f3 Ng5 14. Nd3 O-O 15.
Qe1 Qc7 16. f4 Ne4 17. c5 Be7 18. g4 Bg6 19. f5 Bf7 20. Nf2 Nxf2 21. Qxf2 b6
22. b4 a5 23. a3 Rfe8 24. Bd3 bxc5 25. bxc5 e5 26. Bc3 e4 27. Bc2 Reb8 28. Rfb1
Bd8 29. Qe1 h5 30. h3 Ra7 31. Rxb8 Qxb8 32. Rb1 Qc8 33. Qg3 Bc7 34. Qg2 Rb7 35.
Rf1 Bd8 36. Kh1 Be8 37. Qd2 Qa8 38. Rb1 Rxb1+ 39. Bxb1 Qb8 40. Qe1 Qb3 41. Qc1
Bc7 42. Kg2 Bd7 43. Kf2 Bc8 44. Qb2 Qd1 45. Ba2 Qf3+ 46. Kg1 Qxe3+ 0-1

[Event "KONIK MORSKI REWALA 2013-B"]
[Site "Rewal"]
[Date "2013.08.28"]
[Round "8.5"]
[White "Zurek, Jacek"]
[Black "Poswiatowski, Michal"]
[Result "0-1"]
[WhiteElo "1898"]
[BlackElo "2085"]
[PlyCount "72"]
[EventDate "2013.??.??"]

1. c4 g6 2. Nc3 Bg7 3. g3 e6 4. Bg2 Ne7 5. e4 c5 6. d3 Nbc6 7. Nge2 Nd4 8. O-O
O-O 9. Bf4 d6 10. Nxd4 cxd4 11. Nb5 e5 12. Bg5 h6 13. Bd2 a6 14. Na3 Bd7 15. b4
Qc8 16. Rc1 Bh3 17. c5 d5 18. exd5 Bxg2 19. Kxg2 Nxd5 20. Nc4 Kh7 21. Qf3 Qe6
22. Rce1 Rae8 23. Nd6 Re7 24. Re2 f5 25. Rfe1 g5 26. h3 Kg8 27. Kh2 e4 28. Qg2
Qf6 29. dxe4 d3 30. e5 Qe6 31. Re3 Nxe3 32. Rxe3 f4 33. Rxd3 Bxe5 34. gxf4
Bxf4+ 35. Bxf4 Rxf4 36. a3 Qe2 0-1

[Event "KONIK MORSKI REWALA 2013-B"]
[Site "Rewal"]
[Date "2013.08.28"]
[Round "8.6"]
[White "Koziej, Maciej"]
[Black "Ziaja, Krystian"]
[Result "1-0"]
[WhiteElo "2063"]
[BlackElo "1885"]
[PlyCount "77"]
[EventDate "2013.??.??"]

1. e4 c6 2. d4 d5 3. Nc3 dxe4 4. Nxe4 Bf5 5. Ng3 Bg6 6. Nf3 Nf6 7. h4 h6 8. Ne5
Bh7 9. Bc4 e6 10. Qe2 Nd5 11. c3 Nd7 12. Nh5 Nxe5 13. dxe5 Bg6 14. Nf4 Nxf4 15.
Bxf4 b5 16. Rd1 Qa5 17. Bb3 h5 18. Bg5 Bc5 19. O-O O-O 20. Rd7 b4 21. cxb4 Qxb4
22. Rc1 Rac8 23. Rc4 Qa5 24. Kh2 Bb6 25. Be7 Rfe8 26. Bb4 Qb5 27. a4 Qa6 28.
Qf3 Ba5 29. Bd6 Red8 30. Re7 Qb6 31. Rf4 Rf8 32. Rxe6 Bd2 33. Rxg6 Bxf4+ 34. g3
Kh7 35. Qxh5+ Bh6 36. Rxh6+ gxh6 37. Bc2+ Kg7 38. Qg4+ Kh8 39. Qf5 1-0

[Event "KONIK MORSKI REWALA 2013-B"]
[Site "Rewal"]
[Date "2013.08.28"]
[Round "8.7"]
[White "Jaskolka, Tomasz"]
[Black "Milanowski, Jan"]
[Result "1-0"]
[WhiteElo "2019"]
[BlackElo "1971"]
[PlyCount "41"]
[EventDate "2013.??.??"]

1. e4 c5 2. Nf3 d6 3. d4 cxd4 4. Nxd4 Nc6 5. Nc3 e6 6. Be3 Nf6 7. f4 a6 8. Qf3
Nxd4 9. Bxd4 Nd7 10. O-O-O Qc7 11. f5 e5 12. Nd5 Qd8 13. Bf2 b6 14. Qc3 Nc5 15.
b4 Nxe4 16. Qc6+ Qd7 17. Nc7+ Kd8 18. Qxe4 Kxc7 19. Qxa8 Bb7 20. Qa7 Qc6 21.
Bxa6 1-0

[Event "KONIK MORSKI REWALA 2013-B"]
[Site "Rewal"]
[Date "2013.08.28"]
[Round "8.8"]
[White "Jedras, Piotr"]
[Black "Suliborski, Artur"]
[Result "1-0"]
[WhiteElo "2008"]
[BlackElo "1817"]
[PlyCount "69"]
[EventDate "2013.??.??"]

1. e4 e6 2. d4 d5 3. Nc3 Nf6 4. Bg5 Bb4 5. e5 h6 6. Bd2 Bxc3 7. bxc3 Ne4 8. Bd3
Nxd2 9. Qxd2 c5 10. Nf3 c4 11. Be2 Nc6 12. O-O O-O 13. g3 Rb8 14. Nh4 Ne7 15.
f4 b5 16. Kh1 a5 17. a3 Bd7 18. Qe1 Nc6 19. Qf2 b4 20. axb4 axb4 21. cxb4 Rxb4
22. c3 Rb2 23. Qe3 Qb6 24. g4 Rb8 25. f5 Kh7 26. fxe6 Bxe6 27. g5 Qd8 28. Rg1
g6 29. Raf1 h5 30. Bxh5 gxh5 31. g6+ fxg6 32. Nxg6 Qg8 33. Rf6 Qg7 34. Rxe6 Rb1
35. Rxc6 1-0

[Event "KONIK MORSKI REWALA 2013-B"]
[Site "Rewal"]
[Date "2013.08.28"]
[Round "8.9"]
[White "Parol, Pawel"]
[Black "Lopuszanski, Kamil"]
[Result "0-1"]
[WhiteElo "1988"]
[BlackElo "1879"]
[PlyCount "126"]
[EventDate "2013.??.??"]

1. e4 e5 2. Nf3 Nc6 3. Bb5 a6 4. Ba4 Nf6 5. d3 d6 6. c3 b5 7. Bc2 Be7 8. O-O d5
9. Qe2 O-O 10. h3 Be6 11. Rd1 h6 12. Nbd2 Re8 13. Nf1 Bf8 14. Ng3 Qd7 15. Be3
Rac8 16. a4 d4 17. Bd2 Ra8 18. cxd4 Nxd4 19. Nxd4 exd4 20. f4 Bd5 21. Qf2 Bb7
22. e5 Nd5 23. Bb3 c5 24. Re1 Rac8 25. Bd1 Qc6 26. axb5 axb5 27. Bf3 Ra8 28.
Ne4 Qb6 29. Qg3 c4 30. f5 c3 31. Rxa8 Rxa8 32. Bc1 Ra1 33. Kh2 Kh8 34. Bh5 cxb2
35. Bxb2 Rxe1 36. Qxe1 Nf4 37. Qf1 Nxh5 38. g4 Bxe4 39. dxe4 Qc5 40. gxh5 Qc2+
41. Qg2 d3 42. Qxc2 dxc2 43. Bc1 Bb4 44. Kg2 Bc3 45. e6 fxe6 46. fxe6 Kg8 47.
Kf3 b4 48. Ke2 b3 49. Kd3 b2 50. Bxb2 Bxb2 51. Kxc2 Bf6 52. Kd3 Kf8 53. Kc4 Ke7
54. Kd5 Bb2 55. e5 Ba1 56. Ke4 Kxe6 57. Kf4 Bxe5+ 58. Kg4 Kf6 59. Kh4 Bd4 60.
Kg4 Bf2 61. Kf3 Be1 62. Kf4 Ba5 63. Kg4 Ke5 0-1

[Event "KONIK MORSKI REWALA 2013-B"]
[Site "Rewal"]
[Date "2013.08.28"]
[Round "8.10"]
[White "Ancuta, Adam"]
[Black "Powalka, Michal"]
[Result "0-1"]
[WhiteElo "1976"]
[BlackElo "1768"]
[PlyCount "92"]
[EventDate "2013.??.??"]

1. e4 e5 2. Nf3 Nc6 3. Bc4 Bc5 4. b4 Bxb4 5. c3 Be7 6. d4 Na5 7. Bd3 exd4 8.
O-O d5 9. exd5 Qxd5 10. cxd4 Nf6 11. Re1 Nc6 12. Nc3 Qa5 13. Bb2 O-O 14. d5 Bb4
15. Rc1 Ne7 16. a3 Bd6 17. Ne4 Nxe4 18. Bxe4 Qb6 19. Qc2 Ng6 20. h4 Bg4 21. Ng5
Bg3 22. Rb1 Bxh4 23. Qd2 Qd6 24. Qd4 f6 25. Nxh7 Kxh7 26. Bxg6+ Kxg6 27. Qxg4+
Bg5 28. Re6 Qf4 29. Qe2 Rh8 30. g3 Qf5 31. Rd1 Rad8 32. Be5 Rxd5 33. Rxd5 Qxe6
34. Qd3+ Kh6 35. f4 fxe5 36. fxg5+ Kxg5 37. Qe4 Qb6+ 38. Kf1 Rf8+ 39. Ke2 Qf2+
40. Kd1 Qg1+ 41. Kc2 Rf2+ 42. Kb3 Qxg3+ 43. Rd3 Qh2 44. Qd5 Rb2+ 45. Ka4 Qh4+
46. Ka5 Qe1+ 0-1

[Event "KONIK MORSKI REWALA 2013-B"]
[Site "Rewal"]
[Date "2013.08.28"]
[Round "8.11"]
[White "Zarnowski, Krzysztof"]
[Black "Sroka, Janusz"]
[Result "1-0"]
[WhiteElo "1817"]
[BlackElo "2095"]
[PlyCount "83"]
[EventDate "2013.??.??"]

1. d4 d6 2. e4 Nf6 3. Bd3 e5 4. d5 c6 5. c4 Be7 6. Ne2 Nbd7 7. f3 Qb6 8. Nbc3
a5 9. Na4 Qa7 10. Ng3 g6 11. Qe2 Nc5 12. Nxc5 Qxc5 13. Be3 Qb4+ 14. Qd2 Bd7 15.
a4 Qxd2+ 16. Kxd2 c5 17. h3 h5 18. f4 h4 19. Ne2 Nh5 20. Rhf1 exf4 21. Nxf4 Ng3
22. Rf2 Ra6 23. Kc2 Rg8 24. Ne2 Nh5 25. b3 g5 26. Raf1 Rf8 27. Bd2 Ra7 28. Bc3
b6 29. e5 dxe5 30. Bxe5 Bc8 31. Nc3 Nf4 32. Bxf4 gxf4 33. Nb5 Rb7 34. Rxf4 Bd7
35. d6 Bg5 36. Nc7+ Kd8 37. Rxf7 Rxf7 38. Rxf7 Bc8 39. Be4 Rb8 40. Bc6 Bh6 41.
Re7 Bf5+ 42. Kd1 1-0

[Event "KONIK MORSKI REWALA 2013-B"]
[Site "Rewal"]
[Date "2013.08.28"]
[Round "8.12"]
[White "Smieszek, Wojciech"]
[Black "Czarnecki, Wojciech"]
[Result "1-0"]
[WhiteElo "1887"]
[BlackElo "2089"]
[PlyCount "38"]
[EventDate "2013.??.??"]

1. e4 c6 2. d4 d5 3. Nc3 dxe4 4. Nxe4 g6 5. Bc4 Bg7 6. Nf3 Nd7 7. Bxf7+ Kxf7 8.
Nfg5+ Ke8 9. Ne6 Qa5+ 10. Bd2 Qb6 11. Nxg7+ Kf7 12. Ne6 Ngf6 13. N4g5+ Ke8 14.
c4 Nf8 15. c5 Qxb2 16. Nc7+ Kd8 17. Nxa8 Be6 18. Rb1 Qxa2 19. Rxb7 Bc4 1-0

[Event "KONIK MORSKI REWALA 2013-B"]
[Site "Rewal"]
[Date "2013.08.28"]
[Round "8.13"]
[White "Murawko, Julia"]
[Black "Stankiewicz, Pawel"]
[Result "1/2-1/2"]
[WhiteElo "1687"]
[BlackElo "2058"]
[PlyCount "36"]
[EventDate "2013.??.??"]

1. e4 e6 2. d4 d5 3. Nc3 Bb4 4. Bd3 c5 5. exd5 Qxd5 6. Bb5+ Nd7 7. Nf3 cxd4 8.
Bxd7+ Bxd7 9. Qxd4 Qxd4 10. Nxd4 e5 11. Nde2 Bf5 12. Bd2 Bxc2 13. Nb5 Bxd2+ 14.
Kxd2 Bf5 15. Nc7+ Kd7 16. Nxa8 Ne7 17. Nb6+ axb6 18. Rad1 f6 1/2-1/2

[Event "KONIK MORSKI REWALA 2013-B"]
[Site "Rewal"]
[Date "2013.08.28"]
[Round "8.14"]
[White "Markiewicz, Mateusz"]
[Black "Kaluzny, Wlodzimierz"]
[Result "1-0"]
[WhiteElo "2029"]
[BlackElo "1922"]
[PlyCount "49"]
[EventDate "2013.??.??"]

1. e4 e6 2. d4 d6 3. f4 b6 4. Bb5+ c6 5. Bd3 Bb7 6. Nf3 Nd7 7. O-O Qc7 8. f5 e5
9. dxe5 Nxe5 10. Nxe5 dxe5 11. Bc4 Nf6 12. Nc3 Bb4 13. Qe2 Bxc3 14. bxc3 O-O-O
15. Bg5 Rd7 16. Rfd1 Rhd8 17. Rd3 Rxd3 18. cxd3 Rd7 19. a4 Ne8 20. a5 Nd6 21.
axb6 axb6 22. Ba6 Bxa6 23. Rxa6 Kb7 24. Qa2 Nc8 25. Ra8 1-0

[Event "KONIK MORSKI REWALA 2013-B"]
[Site "Rewal"]
[Date "2013.08.28"]
[Round "8.15"]
[White "Auvinen, Esa"]
[Black "Nowak, Ryszard"]
[Result "0-1"]
[WhiteElo "1956"]
[BlackElo "2006"]
[PlyCount "104"]
[EventDate "2013.??.??"]

1. e4 c6 2. d4 d5 3. exd5 cxd5 4. c4 Nf6 5. Nc3 g6 6. Nf3 Bg7 7. Bf4 Nc6 8. c5
Bg4 9. Be2 O-O 10. Ne5 Bxe2 11. Nxe2 Nh5 12. Nxc6 bxc6 13. Be3 e5 14. Qa4 f5
15. dxe5 Bxe5 16. O-O-O f4 17. Bd4 f3 18. gxf3 Rxf3 19. Qxc6 Bxd4 20. Rxd4 Rxf2
21. Qe6+ Kf8 22. Rxd5 Qf6 23. Qxf6+ Nxf6 24. Rd2 Ne4 25. Rc2 Nxc5 26. Rxc5 Rxe2
27. Rc2 Rae8 28. Rf1+ Kg8 29. Rd1 g5 30. Rxe2 Rxe2 31. Rd2 Re1+ 32. Kc2 Kf7 33.
Rd7+ Kg6 34. b4 g4 35. b5 Re2+ 36. Rd2 Re3 37. a4 h5 38. Rd6+ Kg5 39. a5 Re5
40. Rd7 Rxb5 41. Rxa7 Kh4 42. a6 Ra5 43. Kb3 Kh3 44. Rh7 Kxh2 45. a7 Kg2 46.
Kb4 Ra1 47. Kb5 Kg3 48. Kb6 h4 49. Rh5 Rxa7 50. Kxa7 h3 51. Kb6 h2 52. Kc5 Kg2
0-1

[Event "KONIK MORSKI REWALA 2013-B"]
[Site "Rewal"]
[Date "2013.08.28"]
[Round "8.16"]
[White "Buraczewski, Rafal"]
[Black "Rudol, Maria"]
[Result "1/2-1/2"]
[WhiteElo "1803"]
[BlackElo "1446"]
[PlyCount "120"]
[EventDate "2013.??.??"]

1. d4 d5 2. Nf3 Nf6 3. e3 Bf5 4. c4 e6 5. Nc3 c6 6. Be2 Bd6 7. Nh4 Bg6 8. Nxg6
hxg6 9. h3 Nbd7 10. Qb3 Qc7 11. Bd2 O-O 12. Rc1 Rad8 13. cxd5 exd5 14. Nb5 Qb8
15. Nxd6 Qxd6 16. Bb4 c5 17. Bxc5 Nxc5 18. dxc5 Qc7 19. O-O Ne4 20. Qa3 a6 21.
Rfd1 Rfe8 22. Bf3 Rd7 23. Qa4 Re6 24. b4 Rd8 25. Qb3 Qc6 26. Rd4 Re7 27. a4 Nf6
28. b5 Qe6 29. Rcd1 Red7 30. e4 dxe4 31. Qxe6 fxe6 32. Rxd7 Rxd7 33. Rxd7 Nxd7
34. c6 bxc6 35. bxc6 Nb6 36. a5 Na8 37. Bxe4 g5 38. Kf1 Kf7 39. Ke2 Kf6 40. Kd3
Ke5 41. g3 Nc7 42. Ke3 Kd6 43. Kf3 Nd5 44. Kg4 Nf6+ 45. Kf3 Nxe4 46. Kxe4 Kxc6
47. f4 gxf4 48. Kxf4 Kb5 49. g4 Kxa5 50. g5 Kb4 51. h4 a5 52. h5 a4 53. h6 gxh6
54. gxh6 a3 55. h7 e5+ 56. Ke4 a2 57. h8=Q a1=Q 58. Qb8+ Kc4 59. Qc7+ Kb4 60.
Qd6+ Kc4 1/2-1/2

[Event "KONIK MORSKI REWALA 2013-B"]
[Site "Rewal"]
[Date "2013.08.28"]
[Round "8.17"]
[White "Woloch, Oskar"]
[Black "Mulenko, Alexander"]
[Result "1/2-1/2"]
[WhiteElo "1779"]
[BlackElo "2042"]
[PlyCount "63"]
[EventDate "2013.??.??"]

1. e4 c5 2. Nc3 a6 3. f4 Nc6 4. Nf3 e6 5. g3 g6 6. Bg2 Bg7 7. O-O d6 8. d3 Nge7
9. Be3 Nd4 10. Bxd4 cxd4 11. Nb1 O-O 12. Qe2 Bd7 13. Nfd2 Rc8 14. Nc4 Bb5 15.
a4 Bxc4 16. dxc4 Qc7 17. Nd2 Qb6 18. Qd3 Nc6 19. Qb3 Qc5 20. Kh1 Na5 21. Qd3
Nxc4 22. Nxc4 Qxc4 23. Rfc1 Rc7 24. Qxc4 Rxc4 25. Bf1 Rc5 26. Bd3 e5 27. Rf1 f6
28. Ra3 a5 29. Rb3 Rb8 30. Rb6 Rc6 31. Rb5 b6 32. b4 1/2-1/2

[Event "KONIK MORSKI REWALA 2013-B"]
[Site "Rewal"]
[Date "2013.08.28"]
[Round "8.18"]
[White "Pietinen, Pekka"]
[Black "Maliszewski, Jacek"]
[Result "1-0"]
[WhiteElo "2015"]
[BlackElo "1747"]
[PlyCount "73"]
[EventDate "2013.??.??"]

1. Nf3 c5 2. c4 g6 3. g3 Bg7 4. Bg2 Nf6 5. O-O Nc6 6. Nc3 O-O 7. a3 d5 8. cxd5
Nxd5 9. Ng5 e6 10. Nge4 Qe7 11. d3 Nxc3 12. bxc3 b6 13. Bg5 Qc7 14. Nf6+ Bxf6
15. Bxf6 h6 16. f4 Bb7 17. e4 e5 18. Qd2 Kh7 19. fxe5 Nxe5 20. Qf4 Rae8 21. d4
g5 22. Bxe5 gxf4 23. Bxc7 fxg3 24. d5 gxh2+ 25. Kxh2 f5 26. Rxf5 Rxf5 27. exf5
Re2 28. Rd1 Kg7 29. Bd8 Kf7 30. Kg3 Re3+ 31. Kf4 Rxc3 32. Bf3 Ke8 33. Bh4 Rc4+
34. Be4 Ra4 35. Ke5 Rxa3 36. Rg1 Rh3 37. Bf6 1-0